00545nam a2200121Ia 4500003000400000008004100004040001600045082001500061100003100076245030000107300001100407490000500418GCL140319s9999 xx 000 0 ara d aGCL / cGCL04a691bح م1 aحسين محمد جمعة10aالمرجع الحديث للمهندس العصرى: الدهانات المعمارية - الدهانات الصناعية - الترميمات والشروخ - الاضافات الخرسانية - المواد العازلة - المواد اللاصقة ... / cحسين محمد جمعة a176 ص a